<?xml version="1.0" encoding="UTF-8"?>
<collection xmlns="http://www.loc.gov/MARC21/slim">
<record>
  <controlfield tag="001">119513</controlfield>
  <controlfield tag="005">20221025101351.0</controlfield>
  <datafield tag="037" ind1=" " ind2=" ">
    <subfield code="a">TAZ-TFG-2022-846</subfield>
  </datafield>
  <datafield tag="041" ind1=" " ind2=" ">
    <subfield code="a">spa</subfield>
  </datafield>
  <datafield tag="100" ind1="1" ind2=" ">
    <subfield code="a">Guerrero Gómez, Maialen</subfield>
  </datafield>
  <datafield tag="242" ind1="0" ind2="0">
    <subfield code="a">Perioperative management of patients in therapy with antiplatelet agents</subfield>
  </datafield>
  <datafield tag="245" ind1="0" ind2="0">
    <subfield code="a">Manejo perioperatorio de los pacientes en tratamiento con fármacos antiagregantes</subfield>
  </datafield>
  <datafield tag="260" ind1=" " ind2=" ">
    <subfield code="a">Zaragoza</subfield>
    <subfield code="b">Universidad de Zaragoza</subfield>
    <subfield code="c">2022</subfield>
  </datafield>
  <datafield tag="500" ind1=" " ind2=" ">
    <subfield code="a">Resumen disponible también en inglés.</subfield>
  </datafield>
  <datafield tag="506" ind1=" " ind2=" ">
    <subfield code="a">by-nc-sa</subfield>
    <subfield code="b">Creative Commons</subfield>
    <subfield code="c">3.0</subfield>
    <subfield code="u">http://creativecommons.org/licenses/by-nc-sa/3.0/</subfield>
  </datafield>
  <datafield tag="520" ind1=" " ind2=" ">
    <subfield code="a">El aumento de la esperanza de vida y el cambio de hábitos en nuestra sociedad, favorece que haya más pacientes con enfermedad vascular periférica y enfermedad ateroesclerótica en tratamiento con fármacos antiagregantes. El incremento de la prescripción de estos medicamentos hace aconsejable que los médicos aprendan a usarlos en situaciones clínicas especiales, como la cirugía y los procedimientos diagnósticos invasivos. En este trabajo de fin de grado (TFG) se propone un algoritmo general de manejo de los fármacos antiagregantes en pacientes quirúrgicos del Hospital Universitario Miguel Servet de Zaragoza. Su diseño se basa en una revisión de la literatura médica publicada sobre el tema. En primer lugar, se ha recogido la información más relevante de cada grupo de fármacos antiplaquetarios y, a continuación, se presenta el algoritmo propuesto de manejo de estos pacientes en tratamiento antiagregante en el periodo periquirúrgico. El primer paso del algoritmo consiste en una evaluación del riesgo trombótico derivado de la patología del paciente y del riesgo hemorrágico asociado al tipo de cirugía. Una vez valorado se pasa a realizar ajustes en la prescripción. En líneas generales, el tratamiento con ácido acetilsalicílico (AAS) se puede mantener en la mayoría de pacientes quirúrgicos a dosis de 100 mg/día. Sin embargo, para los antagonistas de P2Y12 se prefiere suspenderlos unos días antes de la cirugía. Si el riesgo trombótico del paciente es demasiado alto para retirar el fármaco antiagregante se recomienda diferir la cirugía y, si esto no es posible, se actúa en función del riesgo hemorrágico. Si el riesgo de sangrado es bajo se recomienda mantener la antiagregación con AAS a dosis bajas y si es moderado o alto se propone suspender el fármaco antagonista de P2Y12 pudiendo utilizar en el periodo prequirúrgico terapia puente con fármacos inhibidores de la glucoproteína IIb/IIIa. La reintroducción de la antiagregación se realiza normalmente 24 horas tras la cirugía, aunque puede demorarse si el riesgo de hemorragia es elevado. El TFG incluye también un algoritmo de manejo de los pacientes antiagregados que se someten a procedimientos endoscópicos digestivos y recomendaciones de su manejo en neurocirugía y cirugía cardiaca.&lt;br />&lt;br /></subfield>
  </datafield>
  <datafield tag="521" ind1=" " ind2=" ">
    <subfield code="a">Graduado en Medicina</subfield>
  </datafield>
  <datafield tag="540" ind1=" " ind2=" ">
    <subfield code="a">Derechos regulados por licencia Creative Commons</subfield>
  </datafield>
  <datafield tag="700" ind1=" " ind2=" ">
    <subfield code="a">Calvo Villas, Jose Manuel </subfield>
    <subfield code="e">dir.</subfield>
  </datafield>
  <datafield tag="700" ind1=" " ind2=" ">
    <subfield code="a">Fernández Mosteirín, Nuria</subfield>
    <subfield code="e">dir.</subfield>
  </datafield>
  <datafield tag="710" ind1="2" ind2=" ">
    <subfield code="a">Universidad de Zaragoza</subfield>
    <subfield code="b">Medicina, Psiquiatría y Dermatología</subfield>
    <subfield code="c">Medicina</subfield>
  </datafield>
  <datafield tag="856" ind1="0" ind2=" ">
    <subfield code="f">746322@unizar.es</subfield>
  </datafield>
  <datafield tag="856" ind1="4" ind2=" ">
    <subfield code="s">1763487</subfield>
    <subfield code="u">http://zaguan.unizar.es/record/119513/files/TAZ-TFG-2022-846.pdf</subfield>
    <subfield code="y">Memoria (spa)</subfield>
  </datafield>
  <datafield tag="909" ind1="C" ind2="O">
    <subfield code="o">oai:zaguan.unizar.es:119513</subfield>
    <subfield code="p">driver</subfield>
    <subfield code="p">trabajos-fin-grado</subfield>
  </datafield>
  <datafield tag="950" ind1=" " ind2=" ">
    <subfield code="a"></subfield>
  </datafield>
  <datafield tag="980" ind1=" " ind2=" ">
    <subfield code="a">TAZ</subfield>
    <subfield code="b">TFG</subfield>
    <subfield code="c">MED</subfield>
  </datafield>
  <datafield tag="999" ind1=" " ind2=" ">
    <subfield code="a">20220527180412.CREATION_DATE</subfield>
  </datafield>
  <datafield tag="951" ind1=" " ind2=" ">
    <subfield code="a">deposita:2022-10-25</subfield>
  </datafield>
</record>
</collection>